Evaluation de la pandémie de covid 19 du point de vue des (Record no. 7291)

MARC details
000 -LEADER
fixed length control field 00504nam a22001817a 4500
003 - CONTROL NUMBER IDENTIFIER
control field TZ-ArACH
005 - DATE AND TIME OF LATEST TRANSACTION
control field 20240611104503.0
050 ## - LIBRARY OF CONGRESS CALL NUMBER
Classification number RA544
Item number .G64 2020
100 ## - MAIN ENTRY--PERSONAL NAME
Personal name Godfree, Matthew
245 ## - TITLE STATEMENT
Title Evaluation de la pandémie de covid 19 du point de vue des
Statement of responsibility, etc Matthew Godfree
260 ## - PUBLICATION, DISTRIBUTION, ETC. (IMPRINT)
Place of publication, distribution, etc Beau Bassin, Mauritius:
Name of publisher, distributor, etc Sciencia Scripts;
Date of publication, distribution, etc 2020.
300 ## - PHYSICAL DESCRIPTION
Extent 45 p.
Dimensions 22cm.
504 ## - BIBLIOGRAPHY, ETC. NOTE
Bibliography, etc References
650 ## - SUBJECT ADDED ENTRY--TOPICAL TERM
Topical term or geographic name as entry element Covid-19
650 ## - SUBJECT ADDED ENTRY--TOPICAL TERM
Topical term or geographic name as entry element Evaluation
650 ## - SUBJECT ADDED ENTRY--TOPICAL TERM
Topical term or geographic name as entry element Covid-19 and Human rights
942 ## - ADDED ENTRY ELEMENTS (KOHA)
Source of classification or shelving scheme Library of Congress Classification
Koha item type Books
Holdings
Home library Current library Date acquired Full call number Barcode Koha item type
African Court on Human and Peoples' Rights Library African Court on Human and Peoples' Rights Library 11/06/2024 RA544 .G64 2020 10187669 Books

African Court on Human and Peoples' Rights | For Inquiries Contact » +255 272 510 510